000 01052nam a2200241 a 4500
001 000022169
005 20251210122428.0
008 100917s1995 ve bd r 000 0 spa d
020 _a98022287103163
040 _aDO-SdBNP
_bspa
_cBNPHU
082 _a373.987
_bB594c
100 1 _aBigott, Luis Antonio,
_945868
245 1 0 _aCiencia, educación y positivismo en el siglo XIX venezolano /
_cLuis Antonio Bigott.
260 _aCaracas, Venezuela :
_bAcademia Nacional de la Historia,
_c1995.
300 _a464 p. :
_bil., gráficos, mapas. ;10 ;
_c23 cm.
490 1 _aLa biblioteca de la academia nacional de la historia
_aEstudios, monografías y ensayos ;
_v169
500 _aIncluye bibliografía p. [444-464].
500 _aIncluye referencias bibliográficas y notas al pie de las páginas.
504 _aBibliografía : p. 444-464
650 4 _aEducación secundaria
_zVenezuela
_ySIGLO XX
_945869
650 0 _aPositivismo
_92423
830 0 _aLa biblioteca de la Academia Nacional de la Historia
_kEstudios, monografías y ensayos ;
_n169
_945870
999 _c21667
_d21667